| 000 | 00466cam a2200169ua 4500 | ||
|---|---|---|---|
| 020 | _c210.00 | ||
| 041 |
_aeng _h |
||
| 082 |
_a629.8 _bJAI/CO |
||
| 100 | _aJairath, Anoop K . | ||
| 245 |
_aControl systems: the state variable approach (conventional and MATLAB) / _cAnoop K Jairath. _hTextual Documents |
||
| 260 |
_aNew Delhi : _bAne Books India , _c2008. |
||
| 300 | _a349 ; . | ||
| 365 | _a210.00 | ||
| 504 | _a | ||
| 942 | _cBK | ||
| 999 |
_c13211 _d13211 |
||